Normal view
MARC view
Entry Personal Name
001 - CONTROL NUMBER
- control field: 61127
003 - CONTROL NUMBER IDENTIFIER
- control field: OSt
005 - DATE AND TIME OF LATEST TRANSACTION
- control field: 20160601111734.0
008 - FIXED-LENGTH DATA ELEMENTS
- fixed length control field: 160601|| aca||aabn | a|a d
040 ## - CATALOGING SOURCE
- Original cataloging agency: OSt
- Transcribing agency: OSt
100 ## - HEADING--PERSONAL NAME
- Personal name: जैन, फूलचंद
670 ## - SOURCE DATA FOUND
- Source citation: Work cat.: (OSt)19121: जैन, फूलचंद , क्रांतिकारी आंदोलन : सुप्रसिद्ध क्रांतिवीर , 1999









